LAURO LÓPEZ VIDA, OBRA Y PALABRA (Registro nro. 68677)

Detalles MARC
000 -CABECERA
campo de control de longitud fija 00994nam a22002657a 4500
003 - IDENTIFICADOR DEL NÚMERO DE CONTROL
campo de control BPGM
008 - DATOS DE LONGITUD FIJA--INFORMACIÓN GENERAL
campo de control de longitud fija 260626e2007 mx o|||g |||||000 0 spa d
040 ## - FUENTE DE LA CATALOGACIÓN
Lengua de catalogación spa
041 ## - CÓDIGO DE LENGUA
Código de lengua del texto/banda sonora o título independiente spa
Código de lengua original spa
082 04 - NÚMERO DE LA CLASIFICACIÓN DECIMAL DEWEY
Número de clasificación 759.972
Número de documento/Ítem S33
100 ## - ENTRADA PRINCIPAL--NOMBRE DE PERSONA
Nombre de persona SCHARA, CESAR JULIO
Término indicativo de función/relación AUTOR
245 ## - MENCIÓN DE TÍTULO
Título LAURO LÓPEZ VIDA, OBRA Y PALABRA
250 ## - MENCIÓN DE EDICIÓN
Mención de edición PRIMERA EDICION
Resto de la mención de edición 2007
260 ## - PUBLICACIÓN, DISTRIBUCIÓN, ETC.
Lugar de publicación, distribución, etc. MÉXICO
Nombre del editor, distribuidor, etc. UNIVERSIDAD AUTONOMA DE QUERETARO
Fecha de publicación, distribución, etc. 2007
300 ## - DESCRIPCIÓN FÍSICA
Extensión 122 PÁGINAS
Dimensiones 21.5 cm x 14 cm
336 ## - TIPO DE CONTENIDO
Fuente rdacontent
Término de tipo de contenido texto
Código de tipo de contenido txt
337 ## - TIPO DE MEDIO
Fuente rdamedia
Nombre/término del tipo de medio sin mediación
Código del tipo de medio n
338 ## - TIPO DE SOPORTE
Fuente rdacarrier
Nombre/término del tipo de soporte volumen
Código del tipo de soporte nc
490 0# - MENCIÓN DE SERIE
Mención de serie BELLAS ARTES
505 ## - NOTA DE CONTENIDO CON FORMATO
Nota de contenido con formato es una edición biográfica publicada por la Universidad Autónoma de Querétaro que reúne testimonios, análisis y materiales sobre la trayectoria del artista queretano Lauro López (1930-1996).
650 ## - PUNTO DE ACCESO ADICIONAL DE MATERIA--TÉRMINO DE MATERIA
Fuente del encabezamiento o término LAS ARTES, BELLAS ARTES Y ARTES DECORATIVAS
650 ## - PUNTO DE ACCESO ADICIONAL DE MATERIA--TÉRMINO DE MATERIA
Fuente del encabezamiento o término PINTURA Y PINTURAS
650 ## - PUNTO DE ACCESO ADICIONAL DE MATERIA--TÉRMINO DE MATERIA
Fuente del encabezamiento o término TRATAMIENTO HISTÓRICO, GEOGRÁFICO, DE PERSONAS
942 ## - ELEMENTOS DE PUNTO DE ACCESO ADICIONAL (KOHA)
Fuente del sistema de clasificación o colocación Dewey Decimal Classification
Tipo de ítem Koha Colección Querétaro
Existencias
Estado de retiro Estado de pérdida Fuente del sistema de clasificación o colocación Estado dañado No para préstamo Código de colección Localización permanente Ubicación/localización actual Ubicación en estantería Fecha de adquisición Fuente de adquisición Total de préstamos Signatura topográfica completa Fecha visto por última vez Número de copia Precio válido a partir de Tipo de ítem Koha
    Dewey Decimal Classification   Préstamo en Sala Colecciones Especiales (Quéretaro, IQM, Idiomas, SEP, Inea.) BIBLIOTECA PÚBLICA CENTRAL ESTATAL “FRANCISCO CERVANTES” BIBLIOTECA PÚBLICA CENTRAL ESTATAL “FRANCISCO CERVANTES” SALA QUERÉTARO ACCESO B PLANTA ALTA 06/26/2026 DONACION   759.972 S33 06/26/2026 EJ 1 06/26/2026 Colección Querétaro
    Dewey Decimal Classification   Préstamo en Sala Colecciones Especiales (Quéretaro, IQM, Idiomas, SEP, Inea.) BIBLIOTECA PÚBLICA CENTRAL ESTATAL “FRANCISCO CERVANTES” BIBLIOTECA PÚBLICA CENTRAL ESTATAL “FRANCISCO CERVANTES” SALA QUERÉTARO ACCESO B PLANTA ALTA 06/26/2026 DONACION   759.972 S33 06/26/2026 EJ 1 06/26/2026 Colección Querétaro
    Dewey Decimal Classification   Préstamo en Sala Colecciones Especiales (Quéretaro, IQM, Idiomas, SEP, Inea.) BIBLIOTECA PÚBLICA CENTRAL ESTATAL “FRANCISCO CERVANTES” BIBLIOTECA PÚBLICA CENTRAL ESTATAL “FRANCISCO CERVANTES” SALA QUERÉTARO ACCESO B PLANTA ALTA 06/26/2026 DONACION   759.972 S33 06/26/2026 EJ 2 06/26/2026 Colección Querétaro